| 000 | 00608cam a22002293a 4500 | ||
|---|---|---|---|
| 001 | 10480 | ||
| 003 | PGUSA | ||
| 005 | 20140828083225.0 | ||
| 008 | 031201s2003||||xxu|||||s|||||000 1 eng d | ||
| 040 |
_aPGUSA _beng |
||
| 042 | _adc | ||
| 050 | 4 | _aPH | |
| 100 | 1 |
_aCanth, Minna, _d1844-1897 |
|
| 245 | 1 | 0 |
_aKauppa-Lopo _h[electronic resource] / _cMinna Canth |
| 260 |
_bProject Gutenberg, _c2003 |
||
| 506 | _aPublic domain in the USA. | ||
| 516 | _aElectronic text | ||
| 653 | _aFinnish fiction | ||
| 830 | 0 |
_aProject Gutenberg _v10480 |
|
| 856 | 4 | 0 | _uhttp://www.gutenberg.org/ebooks/10480 |
| 942 | _cEB | ||
| 999 |
_c239735 _d239735 |
||